Online
Catalog

Patrimonio cultural subacuatico : (Record no. 14218)

MARC details
000 -CABECERA
campo de control de longitud fija 00838cam a22001934a 4500
001 - NÚMERO DE CONTROL
campo de control 000014634
005 - FECHA Y HORA DE LA ÚLTIMA TRANSACCIÓN
campo de control 20200929163858.0
008 - DATOS DE LONGITUD FIJA--INFORMACIÓN GENERAL
campo de control de longitud fija 061107q2003 cu 000 0 spa
040 ## - FUENTE DE LA CATALOGACIÓN
Centro catalogador/agencia de origen DO-SdBNP
Lengua de catalogación spa
Centro/agencia transcriptor BNPHU
245 00 - MENCIÓN DE TÍTULO
Título Patrimonio cultural subacuatico :
Resto del título America Latina y el Caribe = Underwater cultural heritage.
246 10 - FORMA VARIANTE DE TÍTULO
Título propio/Titulo breve Underwater cultural heritage
260 ## - PUBLICACIÓN, DISTRIBUCIÓN, ETC.
Lugar de publicación, distribución, etc. La Habana, Cuba :
Nombre del editor, distribuidor, etc. Oficina Regional de Cultura para América y el Caribe de la UNESCO,
Fecha de publicación, distribución, etc. 2003.
300 ## - DESCRIPCIÓN FÍSICA
Extensión 140 p. :
Otras características físicas il. ;
Dimensiones 30 cm.
500 ## - NOTA GENERAL
Nota general Texto a dos y tres columnas
500 ## - NOTA GENERAL
Nota general Publicación para promover la convención de la UNESCO para protección del patrimonio cultural subacuático
504 ## - NOTA DE BIBLIOGRAFÍA, ETC.
Nota de bibliografía, etc. Bibliografía
546 ## - NOTA DE LENGUA/LENGUAJE
Nota de lengua/lenguaje Texts in español y inglés
710 1# - PUNTO DE ACCESO ADICIONAL--NOMBRE DE ENTIDAD CORPORATIVA
Nombre de entidad corporativa o nombre de jurisdicción como elemento de entrada Unesco.
Unidad subordinada Oficina Regional de Cultura para América Latina y el Caribe.
9 (RLIN) 33159
Holdings
Estado de retiro Estado de pérdida Restricciones de uso No para préstamo Código de colección Localización permanente Ubicación/localización actual Ubicación en estantería Fecha de adquisición Número de inventario Total de préstamos Signatura topográfica completa Código de barras Fecha visto por última vez Precio válido a partir de Tipo de ítem Koha
        Monografías: Libros y Folletos General General Orden iniciada 15.01.2010 LF1   14634-10 25.06.2020 25.06.2020 No se presta

Powered by Koha